Hydrogenačné a hydrogenolytické reakcie repkového oleja : Obh. 20.12.1994 /

Salvato in:
Dettagli Bibliografici
Autore principale: Kajánková-Janská, Katarína (Autore)
Natura: Manoscritto Libro
Lingua:slovacco
Pubblicazione: Bratislava : STU v Bratislave ChtF, 1994
Tags: Aggiungi Tag
Nessun Tag, puoi essere il primo ad aggiungerne!!

MARC

LEADER 00000ntm a22000003a 4500
001 stu23132
005 20150617225746.7
008 950425s1994----xo------------------slo-d
040 |a STU  |b slo 
041 0 |a slo 
044 |a xo 
100 1 |a Kajánková-Janská, Katarína  |4 aut 
245 1 |a Hydrogenačné a hydrogenolytické reakcie repkového oleja :  |b Obh. 20.12.1994 /  |c [aut.]Kajánková-Janská,Katarína 
260 |a Bratislava :  |b STU v Bratislave ChtF,  |c 1994 
300 |a 81 s :  |b Tab.,grafy,lit 
500 |a Špec.: Technol.mlieka,tukov a hyg.poživatín 
996 |b CD11838  |c C*D11838  |l CCI  |s A  |a 24  |w stu23132_0001